Democracy and the ''kingdom of God'' (Record no. 11685)
[ view plain ]
| 000 -LEADER | |
|---|---|
| fixed length control field | 00585nam a2200217Ia 4500 |
| 003 - CONTROL NUMBER IDENTIFIER | |
| control field | 0100 |
| 005 - DATE AND TIME OF LATEST TRANSACTION | |
| control field | 20161117111756.0 |
| 008 - FIXED-LENGTH DATA ELEMENTS--GENERAL INFORMATION | |
| fixed length control field | 130303s9999 xx 000 0 und d |
| 020 ## - INTERNATIONAL STANDARD BOOK NUMBER | |
| International Standard Book Number | 792321065 |
| 040 ## - CATALOGING SOURCE | |
| Transcribing agency | ARRUPELIB |
| 050 ## - LIBRARY OF CONGRESS CALL NUMBER | |
| Classification number | BR115.P7K251995 |
| 300 ## - PHYSICAL DESCRIPTION | |
| Other physical details | 251p. 23cm. |
| 100 ## - MAIN ENTRY--PERSONAL NAME | |
| Personal name | Kainz, Howard P |
| 9 (RLIN) | 22441 |
| 245 ## - TITLE STATEMENT | |
| Title | Democracy and the ''kingdom of God'' |
| 260 ## - PUBLICATION, DISTRIBUTION, ETC. (IMPRINT) | |
| Place of publication, distribution, etc | Milwaukee |
| 260 ## - PUBLICATION, DISTRIBUTION, ETC. (IMPRINT) | |
| Name of publisher, distributor, etc | Marquette University Press |
| 300 ## - PHYSICAL DESCRIPTION | |
| Extent | viii |
| 440 ## - SERIES STATEMENT/ADDED ENTRY--TITLE | |
| Title | Marquette studies in philosophy , no. 6 |
| 9 (RLIN) | 27504 |
| 700 ## - ADDED ENTRY--PERSONAL NAME | |
| Personal name | Howard P. Kainz |
| 9 (RLIN) | 27505 |
| 942 ## - ADDED ENTRY ELEMENTS (KOHA) | |
| Source of classification or shelving scheme | Library of Congress Classification |
| Koha item type | Monograph ( Printed materials) |
| Withdrawn status | Lost status | Source of classification or shelving scheme | Damaged status | Not for loan | Home library | Current library | Date acquired | Total Checkouts | Full call number | Barcode | Date last seen | Price effective from | Koha item type |
|---|---|---|---|---|---|---|---|---|---|---|---|---|---|
| Library of Congress Classification | ARRUPE LIBRARY | ARRUPE LIBRARY | 17/11/2016 | BR115.P7K251995 | 46500009829 | 17/11/2016 | 17/11/2016 | Monograph ( Printed materials) |